000 01238nam a2200277 i 4500
001 72563
003 ES-MaACL
005 20250821095125.0
007 t|
008 170322s1957 it a |||| |dita d
080 _a913(450.341 V.)
245 0 0 _aQuattro Spagnoli in Venezia
_b: Leandro Fernández de Moratín, Antonio Pedro de Alarcón, Ángel Sánchez Rivero, Mariano Fortuny y Madrazo /
_ca cura di Angela Mariutti de Sánchez Rivero ; presentazione di Emilio Garrigues.
260 _aVenezia :
_bFerdinando Ongania,
_c[1957]
300 _a318 p. :
_bil. ;
_c22 cm.
599 _aCon lám. adheridas.
600 1 4 _aFernández de Moratín, Leandro,
_d1760-1828
_949695
600 1 4 _aAlarcón, Pedro Antonio de,
_d1833-1891
_919134
600 1 4 _aSánchez Rivero, Ángel,
_d1888-1930
_9155101
600 1 4 _aFortuny y Madrazo, Mariano,
_d1871-1949
_9162139
651 4 _aVenecia-
_xDescripción.
_9159952
651 4 _aVenecia-
_xVida intelectual.
_9157959
700 1 _aMariutti, Ángela,
_d1900-1981
_9162140
700 1 _aGarrigues, Emilio.
_955766
852 _aES-MaACL
_jL-183
_z. - Donat. Casa de Velázquez
_z. - Ded. autógr. de Angela Mariutti y Henriette Fortuny a Melchor Fdez. Almagro
999 _c72563
_d72563